| 000 | 00592cab a2200217 4500 | ||
|---|---|---|---|
| 001 | X98761 | ||
| 008 | 090401t1999 xxu||||| |||| 00| 0 eng d | ||
| 035 | _a(Sirsi) u93499 | ||
| 041 | _aeng | ||
| 245 | _aTown and country planning: development plan | ||
| 260 | _c1999 | ||
| 350 | _a0 | ||
| 490 |
_aEstates Gazette _v[1999] EGCS 67 (15 May 1999) (1) |
||
| 650 | _aBERRIDGE AND OTHERS V DONCASTER MBC | ||
| 650 | _aMODIFICATIONS | ||
| 650 | _aNOTIFICATION | ||
| 650 | _aUNITARY DEVELOPMENT PLANS | ||
| 690 | _aPLANNING LAW AND PRACTICE-CASE LAW | ||
| 942 | _n0 | ||
| 948 | _c20/05/1999 | ||
| 999 |
_c59249 _d59249 |
||